| 000 | 01157nam0a22002891 4500 | ||
|---|---|---|---|
| 001 | rc\2813487 | ||
| 005 | 20250806210847.0 | ||
| 035 | _a(NLR Aleph) 006939289 | ||
| 090 |
_a37389 _c37389 |
||
| 100 | _a20110915d1945 u y0rusy50 ca | ||
| 101 | 0 | _arus | |
| 102 | _aRU | ||
| 105 | _aa j ||||| | ||
| 200 | 1 |
_aFrancais _eУчебник фр. яз. _eДля 6-го класса семилет. и сред. школы _eУтв. НКП РСФСР _fМ. Бахарева, Р. Мосевич, Ф. Фридман |
|
| 205 | _a7-е изд. | ||
| 210 |
_aМосква _cУчпедгиз _d1945 _gтип. Госэнергоиздата и 18-я тип. треста Полиграфкнига |
||
| 215 |
_a116 с. _cил. _d21 см. |
||
| 700 | 1 |
_aБахарева _bМ.А. _gМария Алексеевна |
|
| 701 | 1 |
_aФридман _bФ.Я. _gФелиция Яковлевна |
|
| 701 | 1 |
_aМосевич _bР.П. _gРаиса Павловна |
|
| 801 | 0 |
_aRU _bNLR _gpsbo |
|
| 801 | 1 |
_aRU _bELAR _2rusmarc |
|
| 852 |
_aNLR _jЯ60 Г-3/163 |
||
| 942 | _cBOOK | ||
| 945 | _aРоссийская национальная библиотека | ||
| 980 | _aNB | ||
| 980 | _aBV | ||